00775nac a22001937a 4500001001000000003000900010005001700019008003400036040005400070072000800124100001900132110013400151245005700285260004200342300000800384490009500392500007500487650001900562BR8703576BR-BrBNA20240105120513.0230509b bl.|||m| |||| 00| 0 por d aBR-BrBNAbporcBiblioteca Nacional de Agricultura aL011 aGolery, O.I.F.1 aComissao de Desenvolvimento do Vale do Jequitinhonha, Belo Horizonte, MG (Brasil). Assessoria de Planejamento e Coordenacao Geral1 aOrientacoes basicas para a pratica da caprinocultura3 aBelo Horizonte, MG (Brasil): c1982.  avp. aEstudos Setoriais - Comissao de Desenvolvimento do Vale do Jequitinhonha (Brazil)vno. 5x a(*) Documento disponível na(o) CODEVALE, Belo Horizonte, MG (Brazil) aCAPRINOCULTURA